002380000a220008500045001000017000002450050000173000032000677000037000997730016001361 aBrown, Steve10aAn effective, caring family planing programme aNúm 3 (1990), Páginas 51 aBrown, Margaret; Storkey, Miriam0 tPaso a paso